000 00290nam a2200121 a 4500
008 110104s1988|||| d
100 1 _aLenin, Vladimir Iľjič
245 1 0 _aZobrané spisy./Zv./45
260 _bPravda
_aBratislava
_c1988
020 _c20
041 _aslo
044 _axo
_cSK
999 _c15460
_d15460